Regional Capitals of Italy - Statistics

General Stats
  • This quiz has been taken 856 times
  • The average score is 16 of 20
Answer Stats
Regione Region Capoluogo / Capital % Correct
Lazio Lazio Roma / Rome
98%
Lombardia Lombardy Milano / Milan
95%
Veneto Veneto Venezia / Venice
95%
Toscana Tuscany Firenze / Florence
93%
Piemonte Piedmont Torino / Turin
93%
Campania Campania Napoli / Naples
92%
Sicilia Sicily Palermo
92%
Liguria Liguria Genova / Genoa
90%
Puglia Puglia Bari
87%
Emilia-Romagna Emilia-Romagna Bologna
86%
Friuli-Venezia Giulia Friuli-Venezia Giulia Trieste
84%
Sardegna Sardinia Cagliari
82%
Valle d'Aosta Aosta Valley Aosta
78%
Trentino-Alto Adige Trentino-Alto Adige/Südtirol Trento
75%
Abruzzo Abruzzo L'Aquila
63%
Umbria Umbria Perugia
63%
Marche Marche Ancona
61%
Molise Molise Campobasso
58%
Calabria Calabria Catanzaro
56%
Basilicata Basilicata Potenza
56%
No matching quizzes found
Score Distribution
Percent of People with Each Score
Percentile by Number Answered
Your Score History
You have not taken this quiz